[Event "Olympiad-34"]
[Site "Istanbul"]
[Date "2000.11.06"]
[Round "9.4"]
[White "Malakhatko, Vadim"]
[Black "Bischoff, Klaus"]
[Result "1/2-1/2"]
[WhiteElo "2564"]
[BlackElo "2556"]
[Annotator "Tsesarsky,I"]
[PlyCount "155"]
[EventDate "2000.10.28"]
[EventType "team-swiss"]
[EventRounds "14"]
[EventCountry "TUR"]
[SourceTitle "EXT 2001"]
[Source "ChessBase"]
[SourceDate "2000.11.22"]
[SourceVersion "1"]
[SourceVersionDate "2000.11.22"]
[SourceQuality "1"]
[WhiteTeam "Ukraine"]
[BlackTeam "Germany"]
[WhiteTeamCountry "UKR"]
[BlackTeamCountry "GER"]

1. d4 {Hecht} e6 2. c4 d5 3. Nc3 Nf6 4. Nf3 Nbd7 5. Bg5 Be7 6. e3 h6 7. Bh4 O-O
8. Rc1 c6 9. a3 a6 10. Bd3 dxc4 11. Bxc4 b5 {In this opening variation White
can only dream about advantage: Black without any problems implements plan of
queenside development by b7-b5, Bc8-b7 and c6-c5 =.} 12. Ba2 ({Or} 12. Bd3 c5
13. O-O Bb7 14. Qe2 Rc8 15. Rfd1 Nd5 16. Nxd5 Bxh4 17. Nf4 Qe7 $11 {0-1
Kosyrev,V-Baranov,G/Moscow 1998/EXT 99 (36)}) 12... Bb7 13. O-O c5 14. Qe2 (14.
Bb1 cxd4 15. exd4 Re8 16. Qd3 Qb6 17. Ne5 Rad8 $11 {(=/+) 1-0 Trotsenko,
E-Gusev,A/Simferopol 1989/EXT 97 (38)}) (14. Ne5 Nxe5 15. dxe5 Nd7 16. Bg3 b4
$1 $132 {1-0 Kholmov,R-Levenfish,G/Moscow 1949/URS-ch (50)}) 14... Ne4 ({
Possible also} 14... Qb6 15. Rfd1 Rfe8 16. Bb1 Rac8 17. Ne5 $132 {0-1 Jauregui
Andrade,C-Maderna,C/Mar del Plata 1953/MCD (35)}) ({Or} 14... cxd4 15. Nxd4 Rc8
16. Rfd1 Qb6 $11 (16... Nd5 $6 17. Bxd5 Bxd5 18. Bxe7 Qxe7 19. Nxd5 exd5 $14 {
1-0 Kavalek,L-Zuidema,C/Amsterdam 1968/MCL (61)})) 15. Nxe4 ({Equal position
also after} 15. Bxe7 Qxe7 16. Rfd1 Nxc3 (16... c4 17. Bb1 Ndf6 18. Nxe4 Nxe4
19. Nd2 Nxd2 20. Rxd2 Rfd8 $132 {1/2-1/2 Aleman Dovo,M-Letelier,R/Buenos Aires
1939/HCL (44)}) 17. Rxc3 (17. bxc3 cxd4 $15 {[%csl Ra3]}) 17... Rac8 18. e4
cxd4 19. Rxc8 Rxc8 20. Nxd4 Nc5 $11 {1/2-1/2 Makogonov,V-Vasiliev,V/Tbilisi
1949/MCD (76)}) 15... Bxe4 16. Bg3 c4 ({Possible also to simplify the game by} 
16... cxd4 17. Nxd4 Rc8 18. f3 Bb7 19. Rfd1 {[%csl Re6][%cal Ga2e6,Gd1d7]} Rxc1
20. Rxc1 Qb6 21. Bc7 Qa7 (21... Rc8 $2 22. Bxb6 Rxc1+ 23. Kf2 Nxb6 24. Qd2 $16)
22. Qd2 (22. Nxe6 fxe6 23. Bxe6+ Kh8 24. Bxd7 Bc8 $1 25. Bxc8 Rxc8 $17 {
[%csl Rc7]}) 22... Nf6 $132) 17. Rfd1 Rc8 18. Ne1 $6 {White plays without any
plan and his position became worse and worse...} (18. Ne5 $11) (18. Nd2 Bb7 19.
e4 Nf6 20. Be5 Nd7 $11) 18... Nb6 19. f3 Bb7 20. Bb1 $6 (20. e4 Na4 21. Qd2 f5
$15) 20... Na4 {[%cal Gc4c3]} 21. Qc2 (21. b3 $2 cxb3 22. Qd3 f5 23. Qxb3 Qd7
$1 $17 {[%csl Rb3][%cal Gb7d5] threatening Bd5!}) 21... f5 22. Ba2 Bd5 23. e4
$2 $19 {Based on tactical blunder.} ({Right was} 23. Ra1 c3 24. Bxd5 (24. b4
Nb2 $15) 24... Qxd5 (24... exd5 25. b3 Nb2 26. Rdc1 Bg5 27. f4 Bf6 28. Nd3 $11)
25. b3 Nb2 26. Rdc1 a5 $15) 23... fxe4 24. fxe4 Bg5 $1 {[%csl Rg1][%cal Gg5e3,
Gf8f1] Unpleasant surprise! White had to defend from Be3 threat and loses R
for B.} 25. Nf3 Bxc1 26. exd5 (26. Rxc1 Bb7 $19) 26... Be3+ 27. Kh1 Qxd5 $2 $17
{Gives to White certain chances of resistance.} ({After} 27... Rxf3 $1 28. gxf3
Qxd5 29. Kg2 Rf8 30. Qe2 Bxd4 $19 {[%cal Ge6e5] the game is over.}) 28. Bb1 Rf5
(28... Rxf3 $2 {too late!} 29. Qh7+ Kf8 30. Be4 $1 $14) 29. Nh4 Rcf8 30. Nxf5
exf5 31. Be5 Nb6 32. Qe2 Bg5 33. Rf1 g6 34. Qf2 Nd7 35. h4 $6 $19 ({Necessary
was} 35. Bf4 $17) 35... Bf6 36. Qg3 (36. Bf4 Bxd4 37. Qg3 Kh7 38. Bxh6 Kxh6 39.
Qf4+ Kg7 40. Rd1 Be3 41. Rxd5 Bxf4 42. Rxd7+ Kh6 $19) 36... Bxe5 37. dxe5 Nxe5
38. h5 (38. Bc2 Ng4 $19) 38... f4 39. Qh4 g5 40. Qe1 f3 (40... Nd3 41. Qe2 Rd8
$19) 41. Be4 fxg2+ 42. Kxg2 Qd4 (42... Qd7 $19) 43. Rxf8+ Kxf8 {Hecht: '[#]
D+L vs D+S + 2 Mehrbauern. Dass Weiß noch remis halten kann, liegt u.a. daran,
dass der schwarze König nicht aktiv ins Spiel einbezogen wird.'} 44. Qf1+ Ke7
45. Qe2 Kd6 46. Bf5 a5 47. Be4 b4 (47... Nd3 $19) (47... Nd3 {[%csl Rb2][%cal
Rd3f4] Hecht} 48. Bxd3 cxd3 49. Qd2 Qg4+ $19) 48. axb4 axb4 49. Bf5 Qf4 50. Bc8
{Hecht: '[#]'} Ke7 {Position of Black is absolutely winning, but Black
continues play without deep thinking.} ({Wins immediately} 50... g4 $19 {
[%cal Gf4f3]}) (50... Kd5 $142 $1 {[%cal Rf4e4] Hecht} 51. Bb7+ Kd4 $19 {
[%cal Rf4g4]}) 51. Qe1 c3 $6 ({Wins immediately too} 51... Kd8 $19 {[%cal
Ge5d3]}) 52. bxc3 Qf3+ 53. Kh2 Qxc3 54. Qe4 Kd6 (54... b3 $19) 55. Qb7 g4 (
55... b3 $19) (55... Kc5 $142 $19 {Hecht: Schwarz versäumt es erneut, seinen
König aktiv am Spiel zu beteiligen. Die Folgen sehen wir 10 Züge später....})
56. Qb6+ Ke7 57. Bb7 Qd2+ 58. Kh1 Qd6 59. Qe3 Kf7 (59... Kd8 $19) 60. Be4 Kg7
61. Qa7+ Kf6 62. Qe3 Nf7 63. Qf2+ Kg7 64. Qf5 Ng5 (64... Ne5 $5 65. Qh7+ Kf8
66. Qf5+ Ke7 67. Qh7+ Kd8 $19) 65. Bd5 $1 {[%csl Gb3,Rg4,Rg7][%cal Gd5b3] Now
White makes some problem to Black. Hecht: '...10 Züge später hat sich Weiß,
begünstigt durch die zu vorsichtige Spielweise des Gegners, optimal
aufgestellt, kontrolliert beide schwarzen Freibauern und hält den schwarzen
König außer Spiel. '} g3 $2 $44 {Decisive mistake} ({Right was} 65... Qa6 $1
66. Qxg4 (66. Qd7+ Kf6 $1 $19) (66. Kh2 Nf3+ 67. Bxf3 Qd6+ 68. Kg2 gxf3+ 69.
Qxf3 Qd4 70. Qb7+ Kf8 $19) 66... Qf1+ 67. Kh2 (67. Qg1 Qh3+ 68. Qh2 Kf6 $19)
67... Qf2+ 68. Bg2 b3 69. Qd7+ Nf7 70. Qg4+ Kh8 71. Qc8+ Kh7 72. Kh1 Qe1+ 73.
Kh2 Qe5+ $19) 66. Kg2 {[%csl Gb4,Rg3,Rg7][%cal Gd5b3]} Qf6 (66... Qb6 67. Qe5+
(67. Kxg3 $2 Qg1+ 68. Kh4 (68. Kf4 Qf2+ 69. Ke5 Nf7+ $19) 68... Qh2+ 69. Kg4
Qh3+ 70. Kf4 Qh4+ (70... Qxf5+ 71. Kxf5 Nh7 72. Bb3 Nf6 73. Bd1 Nd7 74. Ke4 b3
(74... Kf6 75. Kd4 Kg5 76. Kc4 Nf6 77. Kxb4 Nxh5 78. Kc3 $11) 75. Kd3 $44) 71.
Ke3 Qe1+ 72. Kf4 Qf2+ 73. Ke5 Nf7+ $19) 67... Qf6 68. Qc7+ Nf7 69. Bxf7 Qxf7 (
69... Qf2+ 70. Kh3 Qf5+ 71. Kg2) 70. Qxg3+ Kh7 71. Qd3+ Kg8 (71... Kh8 72. Qd6
$1 $44) 72. Qg3+ (72. Qd8+ Qf8 73. Qd5+ Kh8 $19) 72... Kh8 (72... Qg7 {[%tqu
"En","?","","","g2h1","",10]} 73. Kh1 $3 Qg5 74. Qb8+ $44) 73. Qd6 $1 b3 74.
Qxh6+ Qh7 75. Qb6 Qc2+ 76. Kg3 b2 77. Qd8+ $11) (66... Kh8 67. Qc8+ Kg7 68. Qf5
$44) 67. Qd7+ Kf8 (67... Nf7 68. Bxf7 Qf2+ 69. Kh3 Qxf7 70. Qg4+ Kh7 71. Qxb4
$44) 68. Qc8+ Ke7 69. Qc7+ Ke8 70. Qc8+ Qd8 71. Bc6+ Ke7 72. Qb7+ Kd6 73. Bf3
Nxf3 (73... Qa5 74. Qc6+ Ke7 75. Qxh6 (75. Qb7+ Kf6 76. Qc6+ Ne6 77. Kxg3 Qe5+
78. Kf2 b3 $19) 75... Qe5 (75... Nxf3 76. Qh7+ Ke6 77. Qg6+ Kd5 78. Kxf3 Qa3+
79. Kf4 $44) 76. Qb6 Qf4 77. Bd1 Nf7 78. Qb7+ $44) 74. Qxb4+ Ke5 75. Kxf3 Qf6+
76. Kxg3 Qg5+ 77. Qg4 Qxg4+ 78. Kxg4 1/2-1/2

[Event "Yerevan zt 1.5"]
[Site "Yerevan"]
[Date "2000.06.11"]
[Round "5"]
[White "Ivanisevic, Ivan"]
[Black "Sturua, Zurab"]
[Result "1-0"]
[WhiteElo "2460"]
[BlackElo "2595"]
[Annotator "Tsesarsky,I"]
[PlyCount "97"]
[EventDate "2000.06.07"]
[EventType "swiss"]
[EventRounds "9"]
[EventCountry "ARM"]
[SourceTitle "CBM 078"]
[Source "ChessBase"]
[SourceDate "2000.10.18"]
[SourceVersion "1"]
[SourceVersionDate "2000.10.18"]
[SourceQuality "1"]

1. d4 d5 2. c4 e6 3. Nc3 Be7 4. Nf3 Nf6 5. Bg5 h6 6. Bh4 O-O 7. e3 b6 8. Rb1 {
[%cal Gb2b4] Except of this move there are lot of possibilities in thid
position:} (8. Rc1 {-mainline}) (8. Be2 {and very many other moves}) 8... Bb7 {
Here also were played various continuations:} (8... Nbd7 9. cxd5 Nxd5 (9...
exd5 10. b4 {The main idea of 8.Rb1 - to support b2-b4 promotion} c6 11. Bd3 a5
12. b5 c5 13. O-O Bb7 14. Bf5 Ne4 15. Bxe7 Qxe7 16. Na4 Nef6 17. Rc1 g6 18. Bh3
Rad8 19. Qc2 c4 $14 {0-1 Ivanisevic,Ivan-Abramovic,Bosko/JUG-chT Vrnjacka
Banja (8) ;EXT 2000 1999 (41)}) 10. Bxe7 Qxe7 11. Nxd5 exd5 12. Be2 (12. b4 Nf6
13. Qc2 Ne4 14. Bd3 c5 15. bxc5 bxc5 16. dxc5 Nxc5 17. O-O Be6 18. Nd4 Rac8 19.
Rfc1 Nxd3 20. Qxd3 $14 {[%csl Gd4,Rd5] 1/2-1/2 Arsovic,Goran-Vucicevic,Moma/
JUG-ch sf Kladovo ;EXT 2000 1996 (39)}) 12... Nf6 13. b4 (13. Qa4 $6 Bd7 14.
Qb3 c5 15. Qa3 Rfe8 16. Rc1 c4 17. Qxe7 Rxe7 18. Ne5 b5 $132 {0-1 Tukmakov,
Vladimir B-Lputian,Smbat G/Wch Team Luzern (6) ;CBM 38 1993 (42)}) 13... Bf5
14. Rb2 c5 15. bxc5 bxc5 16. dxc5 Qxc5 17. O-O Rab8 18. Qa1 Rxb2 19. Qxb2 Rc8
20. Nd4 $14 {Eingorn,Vereslav S-Geller,Efim P/Berliner Sommer ;TD 1991/1/2-1/2
(46)}) (8... c6 {This move idea is to take on d5 with Pc6 in future} 9. Bd3 Bb7
$6 (9... Ba6 $1 {Better than 9...Bb7} 10. b3 Nbd7 11. O-O Rc8 12. Qe2 Ne4 13.
Bxe7 Nxc3 14. Qc2 Qxe7 15. Qxc3 Qa3 $11 {1-0 Krasenkow,Michal-Beliavsky,
Alexander G/Elista ol (Men) (10) ;CBM 66 ext 1998 (36)} (15... c5 16. cxd5 Bxd3
17. Qxd3 exd5 18. dxc5 $14)) 10. cxd5 cxd5 {c7-c6 move idea!} 11. O-O Nbd7 12.
Nd2 $1 (12. Rc1 a6 13. Ne5 Nxe5 14. dxe5 Nd7 15. Bxe7 Qxe7 16. f4 Rac8 17. Qd2
Nc5 $144 {1/2-1/2 Eingorn,Vereslav S-Georgiev,Kiril/Metz op (8) ;EXT 99 1997 
(36)}) 12... a6 13. a4 e5 (13... Rc8 14. Qe2 Nb8 {[%cal Gb8c6,Gc6b4]} 15. Rfc1
$14) 14. dxe5 (14. Bg3 e4 15. Bc2 Re8 $132 {Khenkin,Igor-Kolev,Atanas/Elenite 
(10) ;CBM 38 1993/0-1 (60)}) 14... Nxe5 15. Nf3 Nxf3+ 16. Qxf3 Ne4 17. Bxe7
Qxe7 18. Rfd1 Nxc3 19. bxc3 d4 20. Qf5 g6 21. Qf4 dxc3 22. Rdc1 Rac8 23. Rxb6
$14 {Khenkin,Igor-Georgiev,Kiril/Elenite (1) ;CBM 38 1993/1/2-1/2 (64)}) (8...
Ba6 9. Bxf6 Bxf6 10. cxd5 Bxf1 11. Kxf1 exd5 12. b4 Nc6 13. Qb3 Ne7 14. b5 a6
15. a4 axb5 16. axb5 Qd6 17. g3 Ra3 18. Qb2 Rfa8 19. Kg2 g5 20. Rhc1 $14 {
Hakulinen,Esko Matti-Nokso Koivisto,Antti/FIN-chT ;EXT 98 1993/1/2-1/2 (50)}) (
8... Ne4 9. Bxe7 Qxe7 10. cxd5 (10. Qc2 Bb7 (10... Nxc3 11. bxc3 dxc4 12. Bxc4
Bb7 $132 {[%cal Gb7f3]}) 11. cxd5 exd5 12. Bd3 c5 13. O-O Nd7 14. dxc5 bxc5 15.
Rfd1 f5 $1 $132 {Levitt,Jonathan-Parker,Jonathan/BCF-ch Swansea (9) ;EXT 97
1995/1-0 (62)}) 10... Nxc3 11. bxc3 exd5 12. c4 (12. Bd3 c5 13. O-O Nc6 14. Re1
c4 $5 (14... Qf6 15. dxc5 bxc5 16. e4 dxe4 17. Bxe4 Rd8 18. Qa4 Bd7 19. Qc4 $14
{Krasenkow,Michal-Topalov,Veselin/Elista ol (Men) (4) ;CBM 66 ext 1998/0-1 (53)
}) 15. Bc2 (15. e4 $5 Nxd4 $1 16. exd5 Nxf3+ 17. Qxf3 Qc5 18. Bc2 Bb7 19. Qf5
g6 20. Qf6 Bxd5 21. Bxg6 Qc6 $11 {1/2-1/2 Nogueiras,Jesus-Pigusov,Evgeny/Biel
Interzonal (13) ;CBM 37 1993 (26)}) 15... Qa3 16. Qc1 Qxc1 17. Rbxc1 Bg4 18.
Nd2 $14) 12... dxc4 (12... Be6 13. Qb3 Nc6 14. cxd5 Na5 15. Qb5 a6 16. Qb4
Qxb4+ 17. Rxb4 Bxd5 $132 {0-1 Buckley,Graeme-Parker,Jonathan/BCF-ch Nottingham
(5) ;CBM 54 ext 1996 (33)}) 13. Bxc4 Bb7 14. Ne5 Nc6 15. Ng6 Qg5 16. Nxf8 Qxg2
17. Qh5 Nd8 18. Ke2 Kxf8 19. Rhg1 Qe4 20. Bd3 $16 {1-0 Hodgson,Julian M-Parker,
Jonathan/Dublin zt (4) ;CBM 34 ext 1993 (40)}) (8... a5 {[%csl Rb4]} 9. Be2 (9.
Qa4 Bd7 10. Qc2 Na6 11. Bxf6 Bxf6 12. cxd5 Nb4 13. Qb3 Nxd5 14. Nxd5 exd5 15.
Qxd5 Be6 16. Qxd8 Rfxd8 17. a4 {[%cal Gf1b5]} (17. a3 c5 18. dxc5 bxc5 $44 {
[%cal Gf6b2,Ge6f5]}) (17. Rc1 c5 18. Bc4 Bxc4 19. Rxc4 cxd4 20. Nxd4 Bxd4 21.
Rxd4 Rxd4 22. exd4 Rd8 $11 {Levitt,Jonathan-Cobb,James/BCF-ch Swansea (7) ;EXT
97 1995/1-0 (50)}) 17... c5 18. dxc5 bxc5 19. Bb5 $14) (9. Rc1 $1 {Interesting
decision. White is not confused by tempo loss. a7-a5 promotion prevent b2-b4,
but weaken the queenside.} Ba6 10. Bxf6 Bxf6 11. cxd5 Bxf1 12. Kxf1 exd5 13.
Qb3 c6 14. Na4 b5 15. Nc5 Nd7 16. Nd3 a4 17. Qd1 Rc8 18. g3 Qb6 19. Qc2 Rfd8
20. b3 $14 {Eingorn,Vereslav S-Fuchs,Georg/Oberwart op (4) ;CBM 53 ext 1996/
1-0 (44)}) 9... Bb7 10. O-O Nbd7 11. Rc1 c5 12. dxc5 (12. cxd5 Nxd5 13. Bxe7
Qxe7 14. Bb5 Rfd8 15. Qe2 Nc7 16. Bxd7 Rxd7 17. Rfd1 cxd4 18. Rxd4 Rxd4 19.
Nxd4 Rd8 $11 {1/2-1/2 Levitt,Jonathan-Barsov,Alexei/Hampstead GM 5th (3) ;CBM
70 ext 1999 (43)}) 12... bxc5 13. Qc2 Rc8 14. Rfd1 Qb6 15. b3 $14 (15. Na4 Qa7
16. cxd5 exd5 $132 {1/2-1/2 Levitt,Jonathan-Arlandi,Ennio/Catania op Cattolica
(5) ;EXT 97 1994 (20)})) (8... c5 9. dxc5 bxc5 10. cxd5 exd5 11. Bxf6 Bxf6 12.
Nxd5 Bf5 13. Rc1 Bxb2 14. Rxc5 $14 {1-0 Eingorn,Vereslav S-Fochtler,Ekkehard/
Staufer op 10th (3) ;CBM 62 ext 1998 (23)}) 9. Bxf6 (9. b4 dxc4 10. Bxc4 Nd5
11. Bxe7 Qxe7 12. Nxd5 exd5 13. Be2 c6 14. O-O Nd7 15. Qb3 $14 {Schwarzkopf,
Christian-Bruemmer,Frank/NRW-Liga II 9192 ;TD 1992/0-1 (59)}) 9... Bxf6 10.
cxd5 exd5 11. b4 c6 12. Qb3 {Preventing a7-a5 and c6-c5 moves} (12. Bd3 a5 13.
bxa5 Rxa5 14. a4 Ba6 15. O-O Nd7 16. Bxa6 Rxa6 17. Qd3 Ra5 18. Rfc1 Re8 $132 {
[%csl Ra4,Rb6,Rc6] Cvitan,Ognjen-Upton,Timothy J/EU-chT (Men) (7) ;CBM 57 ext
1997/1-0 (74)}) 12... Nd7 13. Be2 Re8 14. O-O Nf8 15. Rfd1 {This sdandard
position may be evaluated +/=, very close to =} Ne6 16. Bf1 (16. b5 $5 {
After  White weaken Pd5 and try to promote Pa2 to create one more weakness in
position of Black}) 16... Qd6 $6 (16... Be7 $5 {[%cal Ge7d6]} 17. b5 c5 $1 18.
dxc5 Nxc5 19. Qc2 Rc8 $132) 17. g3 Rad8 18. Bg2 g6 19. Rd2 Bg7 20. Qd1 {
[%csl Rd4,Rd5] Manoeuvres of both sides purpose is to create pressure on
central squares.} Nc7 21. a4 Bc8 (21... a6 {Was not help also} 22. a5 $1 (22.
b5 cxb5 23. axb5 a5 $11) 22... bxa5 23. bxa5 Nb5 24. Na4 $16) 22. Ne1 (22. b5
$6 c5 23. dxc5 bxc5 {and d5 is defend enough}) 22... h5 (22... Bf5) 23. b5 $1 {
after a lot of prophylactic measures...} Bg4 (23... Bb7 24. bxc6 Bxc6 25. Nb5
Qd7 26. Qb3 $14 {[%csl Ra7,Rb6,Rd5]}) 24. Qb3 c5 $2 $16 {[%csl Rd5] Wrong
position evaluation.} (24... Bf5 $142 25. Rc1 $14) 25. dxc5 Qxc5 26. Nxd5 $1 {
Maybe Z.Sturua hoped that par of BB and Nd5 pins is enough compensation for
sacrificed P?} Be6 27. Rbd1 (27. Nd3 Qf8 28. N3f4 $16) 27... Rd7 28. Nd3 $1 {
Maybe Black missed this move here on in previous move.} ({After} 28. e4 $6 {
Black can resist:} Nxd5 29. exd5 Bg4 $14) 28... Bxd5 (28... Qf8 29. N3f4 $16)
29. Nxc5 Bxb3 30. Nxb3 Rxd2 31. Rxd2 Re7 32. Bc6 Ne6 (32... f5 $16) 33. Kg2 Kf8
34. f4 Rc7 35. Rd7 {Why? White R is much stronger than Black R.} (35. Kf3 {
[%cal Ge3e4]} Ke7 36. e4 a6 $1 (36... f6 37. f5 Ng5+ 38. Kg2 gxf5 39. exf5 $18
{[%csl Rg5,Rg7]}) 37. h4 $1 (37. e5 $6 f6 38. Ke4 (38. Rd5 axb5 39. axb5 h4 40.
Kg4 (40. Ke4 Ra7 41. Kd3 fxe5 42. fxe5 Ra3 43. Kc4 Ra4+ $44) 40... hxg3 41.
hxg3 fxe5 42. fxe5 Ra7 $44) 38... fxe5 39. fxe5 Ng5+ $44) 37... axb5 (37... Nd8
38. Bd5 axb5 39. axb5 Rc3+ 40. Kg2 Ne6 41. e5 Nc7 42. Bc6 Nxb5 43. Rd7+ Ke8 44.
Rd6+ Ke7 45. Bxb5 Rxb3 46. Rxb6 Bh6 {[%csl Rh6]} 47. Rb8 {[%csl Re7][%cal
Gb8e8]} f5 48. Rb7+ (48. exf6+ Kxf6 $44) 48... Kf8 49. e6 $18) (37... f6 38. f5
Nf8 39. Rd5 axb5 40. axb5 Ra7 41. Nd4 $18) 38. axb5 f6 39. f5 (39. Ra2 Kd6 40.
Ra8 $16) 39... Nd8 40. fxg6 Nxc6 41. bxc6 $18) 35... Rxd7 36. Bxd7 Nc7 (36...
Ke7 37. Bxe6 Kxe6 38. e4 $16) (36... Nd8 37. e4 Ke7 38. Bc8 Bc3 39. Kf3 f6 $16)
37. e4 Ke7 38. Bc8 Bc3 39. Kf3 f6 40. Ke2 Kd6 41. Kd3 Be1 $2 $18 {Black miss
very strong idea...} (41... Bb2 42. Kc4 g5 43. Nd4 Ne8 $16) 42. Kc4 h4 (42...
Ne8 43. Nd4 Bf2 44. Nf3 (44. Ba6 Be3 45. Nc6 Bg1 $16) 44... Be3 45. Bb7 $1 (45.
e5+ Kc7 46. Be6 fxe5 47. fxe5 Ng7 48. Bf7 g5 49. h4 gxh4 50. gxh4 Kd7 51. Kd5
Bf2 $16) 45... Ng7 46. Bd5 {[%csl Rg6][%cal Gd5f7]} Ke7 47. Kd3 Bc5 48. Nd4 Kd7
49. e5 (49. Nc6 Bg1 50. h3 Bh2 51. Nxa7 Bxg3 52. Ke3 g5 53. fxg5 fxg5 54. Nc6
$16) 49... fxe5 50. fxe5 Ba3 51. Ke4 Bb2 52. Bf7 g5 53. Kd5 Ke7 54. Bg6 {
[%csl Rg7]} Bxd4 55. Kxd4 Ne6+ 56. Kd5 h4 57. Bf5 Nc5 58. a5 $18) 43. gxh4 Bxh4
44. Nd4 Ne8 (44... Bf2 45. Nc6 a5 46. e5+ $1 fxe5 47. fxe5# $1 {Unexpected
mate!}) 45. Bf5 $1 {This move was missed by Black.} gxf5 (45... g5 46. Bg6 (46.
Nf3 {[%csl Rg5,Rh4][%cal Gf3h4,Gf3g5]} Nc7 47. e5+ $1 Ke7 (47... fxe5 48. fxg5
Bf2 49. h4 $18) 48. Nxh4 gxh4 49. Kd4 $18) 46... Ng7 47. Nf3 Ke6 (47... Ne6 48.
fxg5 Bxg5 49. Bf5 Nf4 50. e5+ Ke7 51. Nxg5 fxg5 52. Kd4 $18) 48. Nxh4 gxh4 49.
Kd4 $18) 46. Nxf5+ Ke6 47. Nxh4 Nd6+ 48. Kd4 Nb7 49. f5+ 1-0

[Event "Dortmund SuperGM 23rd"]
[Site "Dortmund"]
[Date "1995.07.20"]
[Round "6"]
[White "Piket, Jeroen"]
[Black "Beliavsky, Alexander G"]
[Result "1/2-1/2"]
[WhiteElo "2625"]
[BlackElo "2650"]
[Annotator "Von Gleich,A"]
[PlyCount "111"]
[EventDate "1995.07.14"]
[EventType "tourn"]
[EventRounds "9"]
[EventCountry "GER"]
[EventCategory "17"]
[SourceTitle "CBM 048"]
[Source "ChessBase"]
[SourceDate "1995.10.01"]
[SourceVersion "1"]
[SourceVersionDate "1995.10.01"]
[SourceQuality "1"]

1. d4 Nf6 2. c4 e6 3. Nf3 d5 4. Nc3 Be7 5. Bg5 h6 6. Bh4 O-O 7. e3 b6 8. Be2
Bb7 9. Bxf6 Bxf6 10. cxd5 exd5 11. O-O Qe7 12. Qb3 Rd8 13. Rad1 c6 14. Rd2 Nd7
15. Rc1 Rab8 16. Qa4 a5 17. Qd1 g6 18. Na4 Bg7 19. Rdc2 Qe6 20. Ne1 f5 21. Nd3
g5 22. g3 Rf8 23. Bf3 Kh8 24. Bg2 Rbc8 25. Qd2 Rfe8 26. Rc3 Rb8 27. R3c2 Bf8
28. Qd1 Rbc8 29. Nc3 Bd6 30. Kh1 Rf8 $2 {Bis hierhin lief der Ball ohne
Feindberührung durch die Reihen. In beiderseitiger Zeitnot verschärft Piket
das Spiel} 31. f4 Kg7 (31... Qxe3 32. Ne5 (32. Re2 Qxd4 33. fxg5 $132) 32...
Bxe5 33. fxe5) 32. Ne5 Bxe5 $2 33. dxe5 $16 Nc5 34. Ne2 Ne4 35. Nd4 Qg6 36.
Bxe4 dxe4 37. Qe2 $2 {Alles bloß nicht das -Piket.} (37. Rd2 {Weiß erobert die
d-Linie.} Rcd8 $2 38. Ne6+ Qxe6 39. Rxd8) 37... c5 38. Nb5 Ba6 39. Rd2 Rfd8 40.
Rcd1 Rxd2 41. Rxd2 Qe8 42. a4 Rd8 43. Kg1 (43. Rd6 Rxd6 44. exd6 $5) 43... Bxb5
44. axb5 gxf4 45. gxf4 Kh7 46. Kf2 Qe7 47. Ke1 Rd7 48. Qh5 Qe6 49. Rd6 Rxd6 50.
exd6 Qxd6 51. Qf7+ Kh8 52. Qxf5 Qd3 53. Qf6+ Kh7 54. Qf7+ Kh8 55. Qf6+ Kh7 56.
Qf7+ 1/2-1/2